000
00268nam a2200097Ia 4500
008
240331s9999 xx 000 0 und d
082
_b
LIB
100
_a
Women Commission. ed
245
0
_a
Liberty denied :
_b
women seeking asylum imprisoned in the United States
942
_c
L
999
_c
2956
_d
2956